[Event "4NCL Division 1b"]
[Site "Hinckley Island ENG"]
[Date "2014.02.16"]
[Round "6.151"]
[White "Howell, David WL"]
[Black "Turner, Matthew J"]
[Result "1-0"]
[WhiteElo "2646"]
[BlackElo "2507"]
[PlyCount "75"]
[EventDate "2014.02.16"]
[WhiteTeam "Wood Green HK 1"]
[BlackTeam "Barbican 4NCL 1"]

1. c4 Nf6 2. Nc3 e6 3. d4 c5 4. d5 exd5 5. cxd5 d6 6. Nf3 g6 7. Bf4 Nh5 8. Bg5
Be7 9. Bh6 Bg4 10. Nd2 Bf8 11. Bxf8 Kxf8 12. Qb3 Na6 13. e3 Rb8 14. Bxa6 bxa6
15. Qa3 Bc8 16. O-O Kg7 17. Nc4 Re8 18. Rae1 Kg8 19. b3 f5 20. e4 Nf4 21. Kh1
Rb4 22. Re3 fxe4 23. Rxe4 Rf8 24. Qc1 Qf6 25. Qe3 Bd7 26. Re1 Rbb8 27. f3 g5
28. Qd2 Ng6 29. R4e3 Rbe8 30. Rxe8 Rxe8 31. Ne4 Rxe4 32. fxe4 h5 33. Qe3 Nf4
34. e5 Qg6 35. e6 Bb5 36. Nxd6 Qc2 37. Qg3 Qd2 38. Nxb5 1-0

[Event "4NCL Division 1b"]
[Site "Hinckley Island ENG"]
[Date "2014.02.16"]
[Round "6.152"]
[White "Franklin, Samuel GA"]
[Black "Aagaard, Jacob"]
[Result "0-1"]
[WhiteElo "2309"]
[BlackElo "2519"]
[PlyCount "60"]
[EventDate "2014.02.16"]
[WhiteTeam "Barbican 4NCL 1"]
[BlackTeam "Wood Green HK 1"]

1. e4 d6 2. d4 Nf6 3. Nc3 e5 4. Nf3 Nbd7 5. Bc4 Be7 6. O-O O-O 7. Re1 c6 8. a4
b6 9. Ba2 a6 10. Be3 Rb8 11. dxe5 dxe5 12. Nh4 Nc5 13. Qf3 Ng4 14. Nf5 Nxe3 15.
Qxe3 Bg5 16. Qg3 Qf6 17. b4 Ne6 18. Rad1 g6 19. Nd6 Bh4 20. Qe3 Nd4 21. Nxc8
Nxc2 22. Qe2 Nxe1 23. Nd6 Rbd8 24. Nxf7 Qxf2+ 25. Qxf2 Bxf2+ 26. Kxf2 Rxd1 27.
Nxd1 Nd3+ 28. Ke3 Nxb4 29. Bb3 Rxf7 30. Nb2 b5 0-1

[Event "4NCL Division 1b"]
[Site "Hinckley Island ENG"]
[Date "2014.02.16"]
[Round "6.154"]
[White "Cox, John J"]
[Black "Pert, Nicholas"]
[Result "1/2-1/2"]
[WhiteElo "2395"]
[BlackElo "2556"]
[PlyCount "194"]
[EventDate "2014.02.16"]
[WhiteTeam "Barbican 4NCL 1"]
[BlackTeam "Wood Green HK 1"]

1. c4 Nf6 2. g3 g6 3. Bg2 Bg7 4. Nf3 d6 5. O-O O-O 6. Nc3 Nc6 7. d3 e5 8. Rb1
a5 9. a3 Re8 10. Bg5 h6 11. Bxf6 Bxf6 12. b4 axb4 13. axb4 Bg7 14. b5 Ne7 15.
Nd5 Nxd5 16. cxd5 e4 17. Ne1 Bf5 18. dxe4 Bxe4 19. Bxe4 Rxe4 20. e3 Rc4 21. Nf3
Rc5 22. Qd3 Qf6 23. Kg2 Rc3 24. Qe4 b6 25. Rfc1 Kf8 26. Rc2 Qe7 27. Qxe7+ Kxe7
28. Rxc3 Bxc3 29. Rb3 Bg7 30. Ne1 Kd7 31. g4 Ra2 32. Nd3 Ba1 33. h4 Bf6 34. h5
gxh5 35. gxh5 Ra8 36. Rb4 Rg8+ 37. Kf3 Rg5 38. Rf4 Ke7 39. Rc4 Rxd5 40. Rxc7+
Ke8 41. Nf4 Rxb5 42. Ke4 Re5+ 43. Kf3 Bg5 44. Rc6 Bxf4 45. Kxf4 Kd7 46. Rxb6
Rxh5 47. Rb7+ Ke6 48. Rb8 Rf5+ 49. Kg3 Rg5+ 50. Kf4 Rg6 51. Re8+ Kf6 52. e4 Kg7
53. e5 dxe5+ 54. Rxe5 Ra6 55. Kg4 Kg6 56. Rb5 Ra2 57. Kg3 Ra3+ 58. Kg2 h5 59.
Rb6+ Kg5 60. Rb8 Ra6 61. Rb4 Rg6 62. Kg3 Kf5+ 63. Kf3 Rf6 64. Kg3 Kg5 65. Ra4
Rf5 66. f4+ Kg6 67. Ra8 Rd5 68. Rh8 Rd3+ 69. Kg2 f6 70. Kf2 Ra3 71. Kg2 Ra7 72.
Kg3 Ra3+ 73. Kg2 Rb3 74. Kf2 Rh3 75. Kg2 Rh4 76. Kg3 Rg4+ 77. Kf3 f5 78. Rg8+
Kf7 79. Rh8 h4 80. Rh5 Ke6 81. Ke3 Rg3+ 82. Kf2 Ra3 83. Rxh4 Kd5 84. Rh8 Ke4
85. Rb8 Rf3+ 86. Kg2 Rd3 87. Rb4+ Rd4 88. Rxd4+ Kxd4 89. Kf3 Kd3 90. Kf2 Ke4
91. Ke2 Kxf4 92. Kf2 Ke4 93. Ke2 f4 94. Kf2 f3 95. Kf1 Ke3 96. Ke1 f2+ 97. Kf1
Kf3 1/2-1/2

[Event "4NCL Division 1b"]
[Site "Hinckley Island ENG"]
[Date "2014.02.16"]
[Round "6.155"]
[White "Lalic, Bogdan"]
[Black "Knott, Simon JB"]
[Result "1-0"]
[WhiteElo "2489"]
[BlackElo "2332"]
[PlyCount "59"]
[EventDate "2014.02.16"]
[WhiteTeam "Wood Green HK 1"]
[BlackTeam "Barbican 4NCL 1"]

1. d4 Nf6 2. c4 g6 3. Nc3 d5 4. cxd5 Nxd5 5. Bd2 Bg7 6. e4 Nb6 7. Be3 O-O 8. h3
f5 9. exf5 Bxf5 10. Qb3+ Kh8 11. Nf3 Nc6 12. d5 Ne5 13. Nxe5 Bxe5 14. Rd1 a5
15. g4 Bc8 16. Bg2 Qd6 17. O-O Qb4 18. Rfe1 Qxb3 19. axb3 Bd6 20. Nb5 Bd7 21.
Nxd6 exd6 22. Rc1 Rac8 23. Rc3 a4 24. Bxb6 cxb6 25. Rxc8 Rxc8 26. Re7 Rd8 27.
bxa4 Kg8 28. Bf1 Bxa4 29. Rxb7 Bb3 30. Bg2 1-0

[Event "4NCL Division 1b"]
[Site "Hinckley Island ENG"]
[Date "2014.02.16"]
[Round "6.156"]
[White "Griffiths, Ryan Rhys"]
[Black "Cherniaev, Alexander"]
[Result "1/2-1/2"]
[WhiteElo "2350"]
[BlackElo "2427"]
[PlyCount "44"]
[EventDate "2014.02.16"]
[WhiteTeam "Barbican 4NCL 1"]
[BlackTeam "Wood Green HK 1"]

1. d4 f5 2. Bg5 Nc6 3. Nc3 h6 4. Bh4 g5 5. e3 Nf6 6. Bg3 e6 7. h4 g4 8. d5 exd5
9. Nxd5 Nxd5 10. Qxd5 Qf6 11. c3 d6 12. Bb5 Bd7 13. Ne2 a6 14. Ba4 b5 15. Bb3
Rb8 16. h5 Ne5 17. Bh4 Qg7 18. Nf4 Be7 19. Ne6 Bxe6 20. Qxe6 Kd8 21. Bxe7+ Qxe7
22. Qxf5 Rf8 1/2-1/2

[Event "4NCL Division 1b"]
[Site "Hinckley Island ENG"]
[Date "2014.02.16"]
[Round "6.157"]
[White "Houska, Jovanka"]
[Black "Dorrington, Chris J"]
[Result "1/2-1/2"]
[WhiteElo "2418"]
[BlackElo "2324"]
[PlyCount "92"]
[EventDate "2014.02.16"]
[WhiteTeam "Wood Green HK 1"]
[BlackTeam "Barbican 4NCL 1"]

1. d4 Nf6 2. Nf3 e6 3. c4 d5 4. Nc3 Bb4 5. Bg5 h6 6. Bxf6 Qxf6 7. Qa4+ Nc6 8.
e3 O-O 9. Rc1 Rd8 10. Be2 dxc4 11. Bxc4 e5 12. dxe5 Bxc3+ 13. Rxc3 Nxe5 14.
Nxe5 Qxe5 15. Qb3 Qg5 16. Bxf7+ Kh8 17. O-O c5 18. e4 b6 19. Bd5 Rb8 20. Rd1
Qe7 21. Rcd3 b5 22. h3 Rb6 23. Qc3 Be6 24. Bxe6 Rxd3 25. Rxd3 Qxe6 26. Rd8+ Kh7
27. Qc2 Qc4 28. Qxc4 bxc4 29. Rd2 Ra6 30. a3 c3 31. bxc3 Rxa3 32. c4 Ra4 33. f3
a5 34. e5 Kg6 35. Rd6+ Kf5 36. e6 Kf6 37. Ra6 Rxc4 38. Rxa5 Kxe6 39. Ra7 Kf6
40. Rc7 Rc2 41. h4 c4 42. Kh2 c3 43. Kg3 Rc1 44. Kf4 c2 45. Rc6+ Kf7 46. h5 Rh1
1/2-1/2

[Event "4NCL Division 1b"]
[Site "Hinckley Island ENG"]
[Date "2014.02.16"]
[Round "6.158"]
[White "Lauterbach, Ingrid"]
[Black "Emms, John M"]
[Result "0-1"]
[WhiteElo "2102"]
[BlackElo "2451"]
[PlyCount "112"]
[EventDate "2014.02.16"]
[WhiteTeam "Barbican 4NCL 1"]
[BlackTeam "Wood Green HK 1"]

1. Nf3 Nf6 2. g3 g6 3. Bg2 Bg7 4. O-O O-O 5. c4 c5 6. Nc3 Nc6 7. e3 d6 8. d3 a6
9. b3 Ne4 10. dxe4 Bxc3 11. Rb1 b5 12. Qc2 Qa5 13. cxb5 axb5 14. a3 b4 15. axb4
Qxb4 16. Bd2 Bxd2 17. Nxd2 Rb8 18. Rfc1 Be6 19. Bf1 Ra8 20. Bc4 Ne5 21. Be2 Ra7
22. Nc4 Nc6 23. Ra1 Rfa8 24. Rxa7 Rxa7 25. Rb1 Rb7 26. Qa2 Rb8 27. Bd3 Qc3 28.
Qc2 Qxc2 29. Bxc2 Nb4 30. Bd1 Ra8 31. Be2 Ra2 32. Kf1 Kg7 33. Ke1 Bxc4 34. bxc4
Kf6 35. Rc1 Ke5 36. f3 g5 37. h3 h5 38. g4 h4 39. Rc3 Ke6 40. Kf2 Kd7 41. f4 f6
42. Kf3 Nc6 43. Bf1 Ke6 44. Bd3 Rh2 45. Bf1 Rd2 46. Rc1 Nb4 47. Be2 Ra2 48. Bf1
Ra3 49. Be2 gxf4 50. Kxf4 Ra2 51. Kf3 Nc6 52. Kf2 Ne5 53. Rc3 Nf7 54. Rc1 Ng5
55. Re1 Ke5 56. Kg2 Kxe4 0-1

[Event "4NCL Division 1b"]
[Site "Hinckley Island ENG"]
[Date "2014.02.16"]
[Round "6.161"]
[White "Bojkov, Dejan"]
[Black "Dearing, Edward J"]
[Result "1/2-1/2"]
[WhiteElo "2503"]
[BlackElo "2415"]
[PlyCount "109"]
[EventDate "2014.02.16"]
[WhiteTeam "White Rose 1"]
[BlackTeam "Cambridge University 1"]

1. e4 c5 2. Nf3 d6 3. Bb5+ Nd7 4. d4 cxd4 5. Qxd4 a6 6. Bxd7+ Bxd7 7. O-O Rc8
8. Nc3 e5 9. Qa7 Bc6 10. Rd1 Qc7 11. Be3 Nf6 12. Bb6 Qe7 13. Nd5 Bxd5 14. exd5
Qd7 15. c4 Be7 16. Rac1 O-O 17. Ba5 Ne4 18. b4 f5 19. Qe3 h6 20. c5 Qb5 21. Qd3
Kh7 22. a4 Qe8 23. Bb6 dxc5 24. bxc5 Bxc5 25. Bxc5 Nxc5 26. Qe3 Qxa4 27. Nxe5
Rfe8 28. d6 Nd7 29. f4 Rcd8 30. Rd5 Nf6 31. Rd4 Qb5 32. h3 Nd5 33. Qf3 Nxf4 34.
Qxf4 Qxe5 35. Qxe5 Rxe5 36. Rc7 b5 37. Ra7 b4 38. Rxa6 Rb5 39. Ra2 Kg6 40. Rb2
b3 41. Rd3 Kf6 42. Kf2 Rb6 43. h4 Rbxd6 44. Rxd6+ Rxd6 45. Rxb3 g5 46. hxg5+
hxg5 47. Rb2 Ke5 48. g3 Rd4 49. Re2+ Kf6 50. Ra2 Kg6 51. Ra5 Rd3 52. Kg2 Rd2+
53. Kg1 Kf6 54. Kf1 Ke6 55. g4 1/2-1/2

[Event "4NCL Division 1b"]
[Site "Hinckley Island ENG"]
[Date "2014.02.16"]
[Round "6.162"]
[White "Camus de Solliers, Guillaume"]
[Black "Palliser, Richard JD"]
[Result "1/2-1/2"]
[WhiteElo "2348"]
[BlackElo "2453"]
[PlyCount "109"]
[EventDate "2014.02.16"]
[WhiteTeam "Cambridge University 1"]
[BlackTeam "White Rose 1"]

1. d4 Nf6 2. c4 e6 3. Nf3 c5 4. d5 d6 5. Nc3 exd5 6. cxd5 g6 7. g3 Bg7 8. Bg2
O-O 9. O-O Re8 10. Nd2 a6 11. a4 Nbd7 12. h3 Rb8 13. Nc4 Ne5 14. Na3 Nh5 15. e4
Bd7 16. a5 b5 17. axb6 Bb5 18. Naxb5 axb5 19. Nxb5 Qxb6 20. Na3 Qb3 21. Qxb3
Rxb3 22. g4 Nf6 23. Bf4 Nfd7 24. Rab1 Reb8 25. g5 Rxb2 26. Rxb2 Rxb2 27. Rb1
Rb4 28. Bd2 Rxb1+ 29. Nxb1 Nc4 30. Bc3 Na3 31. Nxa3 Bxc3 32. Nc4 Ne5 33. Nxd6
Bd2 34. Bf1 Bxg5 35. Kg2 Bf4 36. Nc4 Kf8 37. Nxe5 Bxe5 38. Bb5 Ke7 39. Kf3 Kf6
40. Bc4 Bd6 41. Ke3 Kg5 42. Bb5 Bf4+ 43. Kf3 Bd6 44. Ke3 f6 45. Ba6 Kh4 46. Bc8
Kg5 47. Ba6 Be5 48. Kf3 Kh4 49. Bc8 c4 50. Ke3 c3 51. Kd3 Kg5 52. Be6 Kf4 53.
Bg8 h6 54. Bf7 f5 55. exf5 1/2-1/2

[Event "4NCL Division 1b"]
[Site "Hinckley Island ENG"]
[Date "2014.02.16"]
[Round "6.163"]
[White "Wells, Peter K"]
[Black "Bisby, Daniel L"]
[Result "1/2-1/2"]
[WhiteElo "2461"]
[BlackElo "2317"]
[PlyCount "48"]
[EventDate "2014.02.16"]
[WhiteTeam "White Rose 1"]
[BlackTeam "Cambridge University 1"]

1. d4 Nf6 2. Bg5 Ne4 3. Bf4 d5 4. e3 Nc6 5. Bd3 g5 6. Bg3 Bg7 7. Bxe4 dxe4 8.
Nd2 e5 9. dxe5 Nxe5 10. Bxe5 Bxe5 11. c3 Bf5 12. h4 gxh4 13. Qh5 Qf6 14. Qxh4
Qe6 15. Ne2 Rg8 16. Nd4 Bxd4 17. cxd4 Rxg2 18. Rc1 c6 19. Rc5 f6 20. Qf4 Bg6
21. Qc7 Qd7 22. Qf4 Qe6 23. Qc7 Qd7 24. Qf4 Qe6 1/2-1/2

[Event "4NCL Division 1b"]
[Site "Hinckley Island ENG"]
[Date "2014.02.16"]
[Round "6.164"]
[White "Chevannes, Sabrina L"]
[Black "McNab, Colin A"]
[Result "0-1"]
[WhiteElo "2164"]
[BlackElo "2446"]
[PlyCount "80"]
[EventDate "2014.02.16"]
[WhiteTeam "Cambridge University 1"]
[BlackTeam "White Rose 1"]

1. d4 d6 2. e4 g6 3. Nc3 Bg7 4. Be3 Nf6 5. Qd2 c6 6. Bh6 Bxh6 7. Qxh6 Qa5 8.
Bd3 c5 9. d5 Nbd7 10. Nf3 c4 11. Bxc4 Qc5 12. Bd3 Qxf2+ 13. Kxf2 Ng4+ 14. Ke2
Nxh6 15. h3 O-O 16. Ke3 Nc5 17. b4 Nxd3 18. cxd3 f5 19. Ne2 e6 20. dxe6 Bxe6
21. Nf4 Rae8 22. Nxe6 Rxe6 23. Kd4 fxe4 24. dxe4 Rfe8 25. Rhe1 Nf7 26. Rac1
R6e7 27. Kd5 Rd7 28. Red1 Kg7 29. a3 Nh6 30. Re1 Ng8 31. Kd4 Nf6 32. g4 h6 33.
g5 Nh5 34. Rc3 Nf4 35. gxh6+ Kxh6 36. Rc2 Rf7 37. Re3 g5 38. Nh2 Kg6 39. Rec3
Rh7 40. Rc7 Ne6+ 0-1

[Event "4NCL Division 1b"]
[Site "Hinckley Island ENG"]
[Date "2014.02.16"]
[Round "6.165"]
[White "Adair, James R"]
[Black "McClement, Andrew"]
[Result "1-0"]
[WhiteElo "2413"]
[BlackElo "2176"]
[PlyCount "79"]
[EventDate "2014.02.16"]
[WhiteTeam "White Rose 1"]
[BlackTeam "Cambridge University 1"]

1. e4 c5 2. Nf3 d6 3. d4 cxd4 4. Nxd4 Nf6 5. Nc3 e6 6. g4 h6 7. h3 Nc6 8. Be3
a6 9. Bg2 Qc7 10. f4 Be7 11. Qe2 Bd7 12. O-O-O Rc8 13. Kb1 b5 14. a3 Nxd4 15.
Bxd4 e5 16. Be3 Bc6 17. h4 Nd7 18. g5 a5 19. gxh6 gxh6 20. Nd5 Bxd5 21. Rxd5 b4
22. a4 Nf6 23. Rb5 Rg8 24. fxe5 dxe5 25. Bxh6 Ng4 26. Bc1 Bc5 27. Bf3 Bd4 28.
h5 Nf2 29. Rf1 Rg3 30. Bh1 Nxh1 31. Rxh1 Rc3 32. Rg1 Bxg1 33. bxc3 Qxc3 34. Bb2
Qh3 35. Rxe5+ Kf8 36. Qa6 Be3 37. Rf5 Rd8 38. Qb7 Rd1+ 39. Ka2 Ke8 40. Qc8+ 1-0

[Event "4NCL Division 1b"]
[Site "Hinckley Island ENG"]
[Date "2014.02.16"]
[Round "6.167"]
[White "Townsend, M Paul"]
[Black "Spencer, Carl J"]
[Result "1-0"]
[WhiteElo "2241"]
[BlackElo "2203"]
[PlyCount "67"]
[EventDate "2014.02.16"]
[WhiteTeam "White Rose 1"]
[BlackTeam "Cambridge University 1"]

1. d4 e6 2. c4 Nf6 3. g3 c5 4. Nf3 cxd4 5. Nxd4 d5 6. Bg2 e5 7. Nf3 d4 8. O-O
Nc6 9. e3 Be7 10. exd4 exd4 11. Bf4 O-O 12. Ne5 Qb6 13. Qb3 Qc5 14. Re1 Re8 15.
Na3 Nh5 16. Nxc6 bxc6 17. Re5 Nxf4 18. Rxc5 Ne2+ 19. Kf1 Bxc5 20. Qf3 Bd7 21.
Nc2 Re5 22. Ne1 Rae8 23. Nd3 Rf5 24. Qxe2 Rxe2 25. Kxe2 Rh5 26. Bf3 Rf5 27. Bg4
Be7 28. Bxf5 Bxf5 29. b4 Kf8 30. a4 Ke8 31. b5 Kd8 32. Ne5 cxb5 33. Nc6+ Kd7
34. Nxe7 1-0

[Event "4NCL Division 1b"]
[Site "Hinckley Island ENG"]
[Date "2014.02.16"]
[Round "6.168"]
[White "Churm, Rohan M"]
[Black "Varholakova, Niki"]
[Result "1-0"]
[WhiteElo "2178"]
[BlackElo "2151"]
[PlyCount "75"]
[EventDate "2014.02.16"]
[WhiteTeam "Cambridge University 1"]
[BlackTeam "White Rose 1"]

1. e4 c5 2. Nc3 Nc6 3. g3 Nf6 4. Bg2 e5 5. d3 d6 6. f4 Bg4 7. Nce2 exf4 8. gxf4
Nh5 9. Nf3 Bxf3 10. Bxf3 Qh4+ 11. Kf1 Be7 12. Qe1 Qh3+ 13. Bg2 Qd7 14. Qf2 Nf6
15. Qg3 h5 16. Bh3 Ng4 17. Bd2 O-O-O 18. Kg2 f5 19. Rhf1 Bf6 20. c3 Rde8 21.
Qf3 c4 22. exf5 Qxf5 23. Ng3 Qxd3 24. Qxd3 cxd3 25. Nxh5 Re2+ 26. Kg1 Rxd2 27.
Bxg4+ Kc7 28. Rf2 Rxf2 29. Kxf2 Ne7 30. Rd1 Bh4+ 31. Kf3 g6 32. Ng7 Kc6 33. Ne6
Bf6 34. h3 Nf5 35. Rxd3 Nh4+ 36. Kf2 d5 37. Nd4+ Kd6 38. Nb5+ 1-0

[Event "4NCL Division 1b"]
[Site "Hinckley Island ENG"]
[Date "2014.02.16"]
[Round "6.171"]
[White "Slavin, Alexei"]
[Black "Zhou, Yang-Fan"]
[Result "1-0"]
[WhiteElo "2383"]
[BlackElo "2476"]
[PlyCount "85"]
[EventDate "2014.02.16"]
[WhiteTeam "e2e4.org.uk 1"]
[BlackTeam "Guildford 2"]

1. d4 Nf6 2. Nf3 g6 3. c4 Bg7 4. Nc3 O-O 5. e4 d6 6. h3 e5 7. d5 a5 8. g4 Na6
9. Be3 Nd7 10. a3 Nb6 11. Rg1 Bd7 12. h4 Nc5 13. a4 c6 14. h5 Rc8 15. Nd2 Qc7
16. Nb3 Nbxa4 17. Rxa4 Nxa4 18. Nxa4 cxd5 19. Nb6 d4 20. Nxc8 dxe3 21. Ne7+ Kh8
22. fxe3 a4 23. Nd5 Qd8 24. Nc1 Qh4+ 25. Kd2 gxh5 26. gxh5 f5 27. Qe1 Qxh5 28.
Qg3 Bh6 29. Qh3 Qxh3 30. Bxh3 Be6 31. Bxf5 Bxf5 32. exf5 Rxf5 33. Rg8+ Kxg8 34.
Ne7+ Kf7 35. Nxf5 Bf8 36. e4 Kf6 37. Ne2 Kg5 38. Nc3 h5 39. Ke3 Kg4 40. Nd5 h4
41. Nf6+ Kh3 42. Kf3 Kh2 43. Nxh4 1-0

[Event "4NCL Division 1b"]
[Site "Hinckley Island ENG"]
[Date "2014.02.16"]
[Round "6.172"]
[White "Flear, Glenn C"]
[Black "Jackson, James P"]
[Result "1-0"]
[WhiteElo "2487"]
[BlackElo "2263"]
[PlyCount "131"]
[EventDate "2014.02.16"]
[WhiteTeam "Guildford 2"]
[BlackTeam "e2e4.org.uk 1"]

1. d4 Nf6 2. c4 c5 3. d5 e6 4. Nc3 exd5 5. cxd5 d6 6. Nf3 g6 7. Qa4+ Bd7 8. Qb3
b5 9. Nxb5 Qa5+ 10. Qc3 Qxc3+ 11. Nxc3 Na6 12. Bg5 Nh5 13. e4 Nc7 14. Bc4 Bg7
15. Rc1 Rb8 16. b3 h6 17. Be3 Bg4 18. Nd2 g5 19. h4 Nf4 20. Kf1 Bd7 21. hxg5
hxg5 22. Rxh8+ Bxh8 23. Ne2 Be5 24. Nf3 f6 25. Nxe5 fxe5 26. g3 Nxe2 27. Kxe2
g4 28. Rh1 Kd8 29. Rh8+ Ne8 30. Bd2 Bb5 31. Bxb5 Rxb5 32. Rg8 a5 33. Kd3 a4 34.
Kc4 axb3 35. axb3 Rb7 36. Rxg4 Rf7 37. Be3 Rb7 38. Bd2 Rf7 39. f4 exf4 40. Bxf4
Rb7 41. Bd2 Rh7 42. Bc3 Rh5 43. Rg6 Kd7 44. b4 cxb4 45. Bxb4 Rh1 46. Kd3 Rf1
47. Ke2 Rc1 48. Bd2 Ra1 49. Bf4 Ra6 50. Kf3 Nc7 51. Kg4 Nb5 52. e5 Nc3 53. Rg7+
Kd8 54. exd6 Ne4 55. Rc7 Ra3 56. Kf5 Nxg3+ 57. Ke6 Ne4 58. Rc4 Ra4 59. Rc2 Nc5+
60. Kf5 Nb3 61. Ke5 Nd4 62. Bg5+ Ke8 63. Rc8+ Kf7 64. d7 Nf3+ 65. Kd6 Ra6+ 66.
Rc6 1-0

[Event "4NCL Division 1b"]
[Site "Hinckley Island ENG"]
[Date "2014.02.16"]
[Round "6.173"]
[White "Mladenov, Plamen"]
[Black "Suarez Real, Alberto"]
[Result "1-0"]
[WhiteElo "2375"]
[BlackElo "2405"]
[PlyCount "75"]
[EventDate "2014.02.16"]
[WhiteTeam "e2e4.org.uk 1"]
[BlackTeam "Guildford 2"]

1. d4 Nf6 2. c4 g6 3. h4 h5 4. Nc3 Bg7 5. e4 d6 6. Bg5 c5 7. d5 b5 8. cxb5 a6
9. bxa6 O-O 10. Nf3 Qa5 11. Nd2 Nbd7 12. Bb5 Bxa6 13. Nc4 Qxc3+ 14. bxc3 Bxb5
15. Nd2 Ne5 16. Rh3 Nd3+ 17. Rxd3 Bxd3 18. f3 Rfb8 19. Qc1 Rb6 20. a4 Nd7 21.
Kf2 Ne5 22. Kg3 Be2 23. Ra2 Rab8 24. a5 R6b7 25. a6 Ra7 26. Qe1 Rxa6 27. Rxa6
Bxa6 28. Qa1 Be2 29. Bxe7 Nd3 30. f4 Rb2 31. Nf3 Bxf3 32. Kxf3 Bxc3 33. Qa8+
Kh7 34. Qf8 Ne1+ 35. Kg3 Rxg2+ 36. Kh3 Rg4 37. Qxf7+ Kh8 38. e5 1-0

[Event "4NCL Division 1b"]
[Site "Hinckley Island ENG"]
[Date "2014.02.16"]
[Round "6.174"]
[White "Sarakauskas, Gediminas"]
[Black "Sowray, Peter J"]
[Result "1/2-1/2"]
[WhiteElo "2399"]
[BlackElo "2355"]
[PlyCount "41"]
[EventDate "2014.02.16"]
[WhiteTeam "Guildford 2"]
[BlackTeam "e2e4.org.uk 1"]

1. e4 e6 2. d4 d5 3. Nd2 Nf6 4. e5 Nfd7 5. Bd3 c5 6. c3 Nc6 7. Ne2 cxd4 8. cxd4
f6 9. exf6 Nxf6 10. O-O Bd6 11. Nf3 Qc7 12. h3 O-O 13. Be3 Bd7 14. Nc3 a6 15.
Rc1 Rae8 16. a3 Re7 17. Na4 Be8 18. Ne5 Qa5 19. Nxc6 Bxc6 20. Nc5 Bb5 21. Bxb5
1/2-1/2

[Event "4NCL Division 1b"]
[Site "Hinckley Island ENG"]
[Date "2014.02.16"]
[Round "6.175"]
[White "Crouch, Colin S"]
[Black "Hambleton, Aman"]
[Result "0-1"]
[WhiteElo "2333"]
[BlackElo "2474"]
[PlyCount "54"]
[EventDate "2014.02.16"]
[WhiteTeam "e2e4.org.uk 1"]
[BlackTeam "Guildford 2"]

1. c4 c5 2. Nc3 b6 3. e4 e6 4. f4 Bb7 5. Nf3 Nc6 6. d3 Nge7 7. Be2 d5 8. cxd5
exd5 9. O-O d4 10. Nb1 g6 11. f5 gxf5 12. Bg5 Qd7 13. Nbd2 Rg8 14. exf5 Nd5 15.
Ne4 Be7 16. f6 Bd6 17. Nfd2 Ne3 18. Bxe3 dxe3 19. Nc4 Bc7 20. Nxe3 Qd4 21. Qc1
Ne5 22. Rd1 Ng4 23. Bxg4 Rxg4 24. Kh1 Rh4 25. Nf1 Qe5 26. Qg5 Rxh2+ 27. Kg1
Qxg5 0-1

[Event "4NCL Division 1b"]
[Site "Hinckley Island ENG"]
[Date "2014.02.16"]
[Round "6.176"]
[White "Kilpatrick, Callum"]
[Black "Eden, Tomer"]
[Result "0-1"]
[WhiteElo "2370"]
[BlackElo "2214"]
[PlyCount "78"]
[EventDate "2014.02.16"]
[WhiteTeam "Guildford 2"]
[BlackTeam "e2e4.org.uk 1"]

1. e4 c6 2. Nc3 d5 3. Nf3 Bg4 4. h3 Bh5 5. d4 e6 6. g4 Bg6 7. exd5 cxd5 8. Ne5
Nc6 9. h4 f6 10. Nxg6 hxg6 11. Qd3 Kf7 12. h5 Nge7 13. hxg6+ Nxg6 14. Rxh8 Nxh8
15. Be3 Bb4 16. Bg2 Ng6 17. O-O-O Qa5 18. Rh1 Rc8 19. f4 Bxc3 20. Qxc3 Qxa2 21.
Kd2 Nge7 22. Bf1 Ne5 23. Qb4 Qb1 24. c3 Nc4+ 25. Bxc4 Qxh1 26. Be2 Rh8 27. Qxb7
Qb1 28. Qb3 Rh1 29. Qc2 Qe1+ 30. Kd3 Rh3 31. Qd1 Qf2 32. Qc1 Qxf4 33. Qg1 Qe4+
34. Kd2 Rh1 35. Qg3 Qb1 36. g5 Qxb2+ 37. Kd3 Qb1+ 38. Kd2 Rc1 39. Bh5+ g6 0-1

[Event "4NCL Division 1b"]
[Site "Hinckley Island ENG"]
[Date "2014.02.16"]
[Round "6.177"]
[White "Ross, Chris N"]
[Black "Wall, Gavin"]
[Result "1/2-1/2"]
[WhiteElo "2221"]
[BlackElo "2323"]
[PlyCount "92"]
[EventDate "2014.02.16"]
[WhiteTeam "e2e4.org.uk 1"]
[BlackTeam "Guildford 2"]

1. d4 f5 2. Nf3 Nf6 3. g3 g6 4. Bg2 Bg7 5. O-O O-O 6. c4 d6 7. Nc3 Na6 8. Rb1
c6 9. b4 Nc7 10. Bb2 h6 11. Qd3 a5 12. a3 Kh7 13. Rfd1 axb4 14. axb4 Qe8 15. d5
cxd5 16. cxd5 Bd7 17. Nd4 Qf7 18. Nb3 Rfc8 19. Ra1 Rxa1 20. Bxa1 Na6 21. Na2
Ra8 22. Rc1 Qe8 23. Nd4 Ng4 24. e4 Nc7 25. Qb1 Bxd4 26. Bxd4 Nb5 27. Ba1 Qf7
28. h3 Nf6 29. Nc3 Nxc3 30. Bxc3 Nxe4 31. Bxe4 fxe4 32. Qxe4 Bxh3 33. Re1 Re8
34. g4 Rf8 35. Qxe7 Bxg4 36. Qh4 g5 37. Qxg4 Qxf2+ 38. Kh1 Qf3+ 39. Qxf3 Rxf3
40. Re7+ Kg6 41. Re6+ Kf7 42. Be1 Rf5 43. Bg3 h5 44. Rxd6 h4 45. Rd7+ Ke8 46.
Rxb7 hxg3 1/2-1/2

[Event "4NCL Division 1b"]
[Site "Hinckley Island ENG"]
[Date "2014.02.16"]
[Round "6.178"]
[White "Ciuksyte, Dagne"]
[Black "Norinkeviciute, Rasa"]
[Result "1-0"]
[WhiteElo "2350"]
[BlackElo "2014"]
[PlyCount "107"]
[EventDate "2014.02.16"]
[WhiteTeam "Guildford 2"]
[BlackTeam "e2e4.org.uk 1"]

1. e4 c5 2. Nf3 d6 3. d4 cxd4 4. Nxd4 Nf6 5. Nc3 a6 6. Bc4 e6 7. O-O b5 8. Bb3
Qc7 9. Re1 Be7 10. Bg5 O-O 11. a3 Bd7 12. Qd2 Nc6 13. Rad1 Rfd8 14. Nf5 Bc8 15.
Nxe7+ Qxe7 16. Kh1 Bb7 17. f4 Na5 18. Ba2 Qc7 19. Bxf6 gxf6 20. f5 Qe7 21. fxe6
fxe6 22. Nd5 exd5 23. Qxa5 Kh8 24. exd5 Qg7 25. Re6 Rg8 26. Qd2 Rae8 27. Rde1
Rxe6 28. Rxe6 Bc8 29. Re3 Qg5 30. Qf2 Bf5 31. c3 Qg4 32. Bb3 Rg5 33. h3 Qh5 34.
Kh2 Qg6 35. Rg3 Kg7 36. Qf4 Rxg3 37. Qxg3 Be4 38. c4 Kf7 39. Ba2 Qg5 40. Qxg5
fxg5 41. b4 Kf6 42. c5 dxc5 43. bxc5 Ke5 44. d6 Bf5 45. g4 Bd7 46. Bb1 Kd5 47.
Bf5 Kc6 48. Kg3 a5 49. Kf3 b4 50. axb4 a4 51. b5+ Kxc5 52. Bxd7 Kxd6 53. Bf5 a3
54. Bb1 1-0

[Event "4NCL Division 1b"]
[Site "Hinckley Island ENG"]
[Date "2014.02.16"]
[Round "6.181"]
[White "Gordon, Stephen J"]
[Black "Bremner, Adam"]
[Result "1-0"]
[WhiteElo "2504"]
[BlackElo "2186"]
[PlyCount "73"]
[EventDate "2014.02.16"]
[WhiteTeam "3Cs 1"]
[BlackTeam "Grantham Sharks 2"]

1. d4 Nf6 2. Nf3 e6 3. c4 b6 4. Nc3 Bb4 5. Qc2 O-O 6. e4 d5 7. e5 Ne4 8. Bd3
Bd7 9. O-O Bxc3 10. bxc3 h6 11. Re1 c5 12. Ba3 Re8 13. cxd5 exd5 14. Rad1 cxd4
15. cxd4 Ng5 16. Nxg5 Qxg5 17. Bh7+ Kh8 18. Qc7 Bc6 19. Bb1 Kg8 20. Rc1 Qg4 21.
Rxc6 Nxc6 22. Qxc6 Qxd4 23. Qc2 g6 24. Bb2 Qg4 25. Qd2 Rad8 26. Bd4 Re6 27. h3
Qh4 28. f4 f5 29. Rc1 Qe7 30. Bd3 Qd7 31. Qc2 Rde8 32. Ba6 Qd8 33. Bc8 R6e7 34.
Qc6 Kh7 35. e6 Rf8 36. Bd7 Qb8 37. Be5 1-0

[Event "4NCL Division 1b"]
[Site "Hinckley Island ENG"]
[Date "2014.02.16"]
[Round "6.182"]
[White "Mangione, Claudio"]
[Black "Ashton, Adam G"]
[Result "0-1"]
[WhiteElo "2188"]
[BlackElo "2392"]
[PlyCount "154"]
[EventDate "2014.02.16"]
[WhiteTeam "Grantham Sharks 2"]
[BlackTeam "3Cs 1"]

1. c4 e5 2. g3 Nf6 3. Bg2 c6 4. d4 exd4 5. Qxd4 Na6 6. Nf3 Bc5 7. Qe5+ Be7 8.
O-O O-O 9. Nc3 Re8 10. Rd1 Bc5 11. Qg5 Qe7 12. Nd4 h6 13. Qf4 d6 14. a3 Bxd4
15. Qxd4 Nc5 16. Ra2 Nb3 17. Qd3 Nxc1 18. Rxc1 Be6 19. b3 Rad8 20. e4 a6 21. a4
a5 22. Rd2 Nd7 23. Ne2 Nc5 24. Qc3 Bg4 25. f3 Bc8 26. Nd4 Qc7 27. h3 Qb6 28.
Kh2 Qb4 29. Qxb4 axb4 30. g4 g6 31. Rcd1 f5 32. exf5 gxf5 33. Nc2 Re6 34. Nxb4
Nxb3 35. Ra2 Na5 36. Bf1 Re3 37. Kg3 fxg4 38. hxg4 Rf8 39. Rf2 Rf6 40. Bd3 Be6
41. Nc2 Re5 42. Na3 h5 43. gxh5 Rxh5 44. Rg2 Rc5 45. Kf2+ Kf8 46. Rb1 d5 47.
cxd5 Bxd5 48. Be2 Rc3 49. Ra1 Bxf3 50. Rh2 Bxe2+ 51. Kxe2 Re6+ 52. Kd1 Rd6+ 53.
Ke1 Nb3 54. Rd1 Rxd1+ 55. Kxd1 Rc1+ 56. Ke2 Ra1 57. Nc2 Rxa4 58. Kd3 Nc5+ 59.
Kc3 Ke7 60. Nb4 Kd6 61. Rh6+ Ne6 62. Kb3 Ra5 63. Nc2 Rd5 64. Kc3 b5 65. Ne3 Rg5
66. Kb4 Re5 67. Nc2 Re4+ 68. Kc3 c5 69. Rh5 Rg4 70. Ne3 Rg3 71. Kd2 Rg5 72. Rh4
Nd4 73. Re4 Nf5 74. Nd1 b4 75. Nb2 Kd5 76. Rf4 Rg2+ 77. Kc1 Nd4 0-1